| 000 | 00787cam a22002657a 4500 | ||
|---|---|---|---|
| 001 | 32127 | ||
| 003 | BD-RjUL | ||
| 005 | 20211209051807.0 | ||
| 008 | 140423s1980 ii 001 0 eng | ||
| 020 | _c: IRs. 80.00 | ||
| 035 | _a(BD-RjUL)32216 | ||
| 040 |
_aDLC _cDLC _dBD-RjUL _beng |
||
| 041 | _aeng | ||
| 082 |
_a190 _bREE 1980 |
||
| 100 | 1 |
_aReddy, V. Narayan Karan _q(Vedre Narayan Karan), _d1930- _997784 |
|
| 245 | 1 | 0 |
_aEastern and Western philosophy : _b(an introduction) / _cV. N. K. Reddy. |
| 250 | _a1st ed. | ||
| 260 |
_aDelhi : _bBharatiya Vidya Prakashan, _c1980. |
||
| 300 |
_aviii, 217 p. ; _c 23 cm. |
||
| 650 | 0 |
_aPhilosophy. _997785 |
|
| 650 | 0 |
_aPhilosophy, Asian. _95097 |
|
| 650 | 0 |
_aComparative philosophy. _997786 |
|
| 942 |
_2ddc _cBK |
||
| 999 |
_c32127 _d32127 |
||